Statistiken für Moderne Länder des Persischen Reiches auf der Karte

Klicken Sie hier um das Quiz zu spielen!

Allgemein

  • Dieses Quiz wurde 38 mal gespielt
  • Das Durchschnittsergebnis liegt bei 31 aus 32

Antworten auf der Karte

Die Antworten werden auf der Karte rot bzw. grün angezeigt, abhängig davon wie oft sie richtig erraten wurden.
 

Antwortstatistiken

Land% Korrekt
Afghanistan
100%
Ägypten
100%
Armenien
100%
Irak
100%
Iran
100%
Israel
100%
Jordanien
100%
Libanon
100%
Libyen
100%
Oman
100%
Pakistan
100%
Syrien
100%
Türkei
100%
Ukraine
100%
Usbekistan
100%
Zypern
100%
Bulgarien
97%
Georgien
97%
Griechenland
97%
Kasachstan
97%
Russland
97%
Saudi-Arabien
97%
Tadschikistan
97%
Turkmenistan
97%
Aserbaidschan
94%
Indien
94%
Kirgisistan
94%
Rumänien
94%
Vereinigte Arabische Emirate
94%
China
89%
Kuwait
86%
Moldawien
83%

Verteilung der Resultate

Perzentil nach korrekt beantworteten Fragen

Anzahl Personen mit jedem Resultat

Ihre Resultats-Entwicklung

Sie haben dieses Quiz noch nicht gespielt